Nom des navires pirates One Piece - Statistiques

Statistiques générales
  • Ce quiz a été pris 360 fois
  • Le résultat moyen est 6 sur 10
Statistiques - réponses
Question Réponse % Correct
Quel est le nom du navire de Gold.D.Roger? L'oro Jackson
96%
Quel est le navire des Mugiwara? (Actuel) Thousand Sunny
93%
Quel est le nom du navire de Barble Blanche Moby Dick
82%
Quel est le nom du navire de Shanks Le Roux? Red Force
79%
Quel est le navire de Barbe Noire? Le radeau de Barbe Noire
67%
Quel est le navire de BigMom Queen Mama Chanter
58%
Quel est le nom du navire de Foxy? Sexy Foxy
40%
Quel est le navire de Baggy? Big Top
37%
Quel est le nom du navire de Don Krieg? Dreadnaught Sabre
25%
Quel est le navire de Drake X? Liberal Hind
14%
Aucun quiz correspondant
Distribution des résultats
% des personnes avec chaque résultat
Percentile par nombre de réponses
Votre historique - résultats
Vous n’avez pas pris ce quiz